| 000 | 00736nam a2200229Ii 4500 | ||
|---|---|---|---|
| 003 | JO-AjNU | ||
| 008 | 230605s9999||||xx |||||||||||||| ||und|| | ||
| 017 | _a2007/8/2616 | ||
| 020 | _a9957-16-373-0 | ||
| 040 |
_aJO-AjNU _bara _erda _cJO-AjNU |
||
| 041 | _aara | ||
| 050 | 1 | 4 | _aKMM97.U42.2010 |
| 100 | 3 |
_a العكيلي ، عزيز , _eauthor _933214 |
|
| 245 | 0 | 0 | _aالوسيط في شرح التشريعات التجارية |
| 250 | _aط1 | ||
| 264 | 3 | 1 | _aعمان : دار الثقافة ، 2008 |
| 300 | _a384ص | ||
| 336 |
_atext _btxt _2rdacontent |
||
| 337 |
_aunmediated _bn _2rdamedia |
||
| 338 |
_avolume _bnc _2rdacarrier |
||
| 650 | 4 |
_aالقانون التجاري -- التشريعات التجارية _933215 |
|
| 999 |
_aA13495 _c17063 _d17063 |
||